000 00603cam a2200205 4500
001 WB3618-22
008 000000n2000 000 0 eng u
035 _a(Sirsi) u105927
245 _aLeasehold risk to home owners
260 _c2000
490 _aHerald
_v 9 May 2000, 10(1)
520 _aThe Scottish Executive is under pressure to close a legal loophole which means home owners are at risk from long leasehold agreements.
590 _aWB
650 _aSCOTTISH EXECUTIVE
650 _aLONG LEASEHOLDS
650 _aREFORM
650 _aHOME OWNERS
690 _aPROPERTY
942 _n0
999 _c63426
_d63426